| 000 | 007840000a22002410004500 | ||
|---|---|---|---|
| 003 | LK-CoMWRAF | ||
| 005 | 20231030103719.0 | ||
| 008 | 230817t1997 ||||| |||| 00| 0 eng d | ||
| 020 | _a0801856191 | ||
| 040 |
_aLK-CoMWRAF _dLK-CoMWRAF _eLK-CoMWRAF |
||
| 041 | _aeng | ||
| 082 |
_a305.48 _bESF |
||
| 100 | _aEsfandiari, Haleh | ||
| 245 |
_aReconstructed Lives: _bWomen and Iran's Islamic Revolution |
||
| 260 |
_aWashington, D.C. : _bWoodrow Wilson Center Press, _c1997 |
||
| 300 |
_a234 p. ; 23 cm _bBibliography, index and glossary included |
||
| 650 | _aMUSLIM WOMEN-Iran--Social conditions | ||
| 650 | _aMUSLIM WOMEN-Civil rights--Iran | ||
| 650 | _aIran--History--Revolution | ||
| 650 | _aIran--Social conditions | ||
| 650 | _aPolitics and government-Iran | ||
| 942 | _cBK | ||
| 999 |
_c2138 _d2138 |
||